00304pab a2200121 454500008004000000100001600040245005600056260000900112300001300121362000800134650001100142773002900153180718b2008 xxu||||| |||| 00| 0 eng d aVerma, D.K. aA demographic profile of the Gadaba tribe of Bastar c2008 ap.61-70. aMar aTribes aTribal Research Bulletin